| 000 | 00641nam a22001937a 4500 | ||
|---|---|---|---|
| 999 |
_c143404 _d143404 |
||
| 005 | 20230529142837.0 | ||
| 010 | _aENG-119694 | ||
| 020 |
_c449.00 _a9788192306421 |
||
| 035 | _aEN-103226 | ||
| 037 | _bDBAD/PUB | ||
| 082 | _a921 | ||
| 100 | _aPawan Kumar | ||
| 245 |
_aSri Sri Ravi Shankar ji : _b his art of living :a biography / _cby Pawan Kumar |
||
| 260 |
_aNew Delhi _bOrange Books International _c2012 |
||
| 270 |
_a113A, Praksha Scout, Ansari Road, Daryaganj, _bNew Delhi _e110002 |
||
| 300 |
_aviii,256p. _c24cm(pbk) |
||
| 500 | _aIncludes bibliographical references and index | ||
| 942 |
_2ddc _cEN _h921 _mPAW |
||